000 00855nam a2200253Ia 4500
003 OSt
005 20220930070138.0
006 a|||||r|||| 00| 0
007 ta
008 220926b |||||||| |||| 00| 0 eng d
024 _a6597
037 _cTheses
040 _aCRL
_cCRL
_beng
041 _2eng
_aeng
100 _aSharma Vineeta
_9391298
110 _aUniversity of Delhi. Faculty of Medical Sciences. Department of Dermatology
_9521121
245 0 _aEpidemiological, clinical, bacteriological and histopathological profile of leprosy in children
260 _c1988
650 _aSKIN - DISEASES
700 _a Dr R V Koranne Supervisor
_9525387
700 _aUniversity of Delhi. Faculty of Medical Sciences. Department of Dermatology
_9521123
942 _cDIS
_2CC
999 _c860518
_d860518